00528nam a2200169Ia 4500003000900000008004100009040001600050080002200066110003300088245009800121260005000219300000800269500001900277650002300296650001800319650002100337IN-BaIIA211028s9999 xx 000 0 eng d cIIA Library a083.7:669.71bISI aIndian Standards Institution 0aIndian standard temper designations of aluminium and its alloyscIndian Standards Institution aNew DelhibIndian Standards Institutionc1969 a5p. aIS 5052 : 1969 a Aluminium Alloys a Standards  aNASA Thesaurus